000 01004nam a2200325 a 4500
001 000114460
003 CHAP
005 20220329144442.0
008 180131s1998 mx |r| ||||||spa d
010 _a110921
011 _a111893
020 _a9701803191
040 _cCHAP
082 0 4 _a306.85
_bV64
245 0 0 _aVida familiar y cultura contemporánea /
_ccompilado por Vania Salles y José Manuel Valenzuela Arce.
260 _aMéxico, D.F. :
_bCONACULTA. Culturas Populares,
_c1998.
300 _a409 p.
490 _aPensar la cultura
590 _aBATCH-UPD
_b05
_c20180131
_lUCH01
_h0945
590 _aE5765TAJ
_b05
_c20180131
_lUCH01
_h0944
590 _aE5765TAJ
_b05
_c20180131
_lUCH01
_h0947
650 1 4 _aFamilias
_xCultura.
_9134523
650 1 4 _aVida familiar
_xAspectos sociales.
_9134524
700 0 _aSalles, Vania
_ecomp.
_9101750
700 1 _aValenzuela, José Manuel
_ecomp.
_9134522
830 0 0 _aPensar la cultura
_986741
901 _aBK
942 _cLIBRO
942 _n0
999 _c110921
_d110921